| 000 | 01467nam a22002897a 4500 | ||
|---|---|---|---|
| 003 | OSt | ||
| 005 | 20210311122140.0 | ||
| 008 | 210311s2015 ck ao||gr|||| 001 0 spa d | ||
| 020 | _a9789585752122 | ||
| 040 |
_aCO-JMCR _cCO-JMCR |
||
| 041 | 0 | _aspa | |
| 082 | 0 | 4 |
_a338.17361 / _bZ947m _223 |
| 100 | 1 |
_aZuluaga, Francisco Uriel, _eautor _935954 |
|
| 245 | 1 | 0 |
_aManuelita 150 años / _cFrancisco Uriel Zuluaga, Eduardo Mejía Prado, Rosángela Valencia Valderrama [1 y más] |
| 260 |
_aCali : _bGrupo Empresarial Manuelita, _c2015 |
||
| 300 |
_a167 páginas : _bilustraciones y fotografías a color y a blanco y negro ; _c26 cm. |
||
| 500 | _aIncluye índice onomástico y notas a pie de página. | ||
| 504 | _aBibliografía: páginas 157-161 | ||
| 505 | 0 | _aDon Santiago. Construyendo la tradición -- Don Harold. La consolidación del ingenio -- Bernal, Zambrano, Anzola, y Zamorano. Los garantes de la continuidad -- Henry J. Eder Caicedo. La defensa de la heredad -- Harold Eder Garcés. Explorando las fronteras del mercado global | |
| 610 | 1 | 4 |
_aIngenio Manuelita _xhistoria _zCali (Colombia) _935955 |
| 650 | 1 | 4 |
_aIndustria azucarera _xhistoria _zCali (Colombia) _935956 |
| 650 | 2 | 4 |
_aIndustria azucarera _xaspectos económicos _zCali (Colombia) _935957 |
| 650 | 2 | 4 |
_aIndustria azucarera _xmercadeo _zCali (Colombia) _935958 |
| 700 | 1 |
_aMejía Prado, Eduardo, _eautor _935959 |
|
| 700 | 1 |
_aValencia Valderrama, Rosángela, _eautora _935960 |
|
| 942 |
_2ddc _cBK |
||
| 999 |
_c15340 _d15340 |
||